Teoría del texto (Record no. 139979)

MARC details
000 -LEADER
campo de control de longitud fija 00713nam a2200193 4500
001 - NÚMERO DE CONTROL
campo de control 139979
003 - IDENTIFICADOR DE NÚMERO DE CONTROL
campo de control ES-MaACL
005 - FECHA Y HORA DE LA ÚLTIMA TRANSACCIÓN
campo de control 20230906195950.0
007 - CAMPO FIJO DE DESCRIPCIÓN FÍSICA--INFORMACIÓN GENERAL
campo de control de longitud fija t|
008 - DATOS DE LONGITUD FIJA--INFORMACIÓN GENERAL
campo de control de longitud fija 070214s1977 sp r ||||1| spa d
100 1# - ENTRADA PRINCIPAL--NOMBRE DE PERSONA
Nombre de persona Schmidt, Siegfried J.
9 (RLIN) 104494
245 10 - MENCIÓN DEL TÍTULO
Título Teoría del texto
Resto del título : problemas de una lingüística de la comunicación verbal /
Mención de responsabilidad, etc. Siegfried J. Schmidt ; presentación de Enrique Ballón Aguirre ; [traducción de María Luz Arriola y Stephen Crass].
260 ## - PUBLICACIÓN, DISTRIBUCIÓN, ETC.
Lugar de publicación, distribución, etc. Madrid :
Nombre del editor, distribuidor, etc. Cátedra,
Fecha de publicación, distribución, etc. 1977.
300 ## - DESCRIPCIÓN FÍSICA
Extensión 188 p. ;
Dimensiones 21 cm.
700 1# - ENTRADA AGREGADA--NOMBRE PERSONAL
Nombre de persona Ballón Aguirre, Enrique.
9 (RLIN) 25078
700 1# - ENTRADA AGREGADA--NOMBRE PERSONAL
Nombre de persona Arriola, María Luz.
9 (RLIN) 23328
700 1# - ENTRADA AGREGADA--NOMBRE PERSONAL
Nombre de persona Crass, Stephen.
9 (RLIN) 41451
852 ## - LOCALIZACIÓN
Ubicación ES-MaACL
Número de control de estantería A-6912
Sublocalización o colección R.95996
Holdings
Estatus retirado Estado de pérdida Estado de daño No para préstamo Biblioteca de origen Biblioteca actual Ubicación en estantería Fecha de adquisición Fuente de adquisición Total de préstamos Signatura topográfica completa Código de barras Visto por última vez Precio de reemplazo Tipo de ítem Koha
        Biblioteca del Ateneo de Madrid Biblioteca del Ateneo de Madrid Sala Pecera Planta 1 17/01/2008     A-6912 1145667 23/02/2023 23/02/2023 Libro impreso